=LDR 00000nam 2200000 4500 =001 INLIS000000000005685 =005 20251021100938 =035 ##$$a 0010-1025000740 =007 ta =008 251021###########################0#ind## =082 ##$$a 610.285 =084 ##$$a 610.285 BAD p =100 #$$a Badan Koordinasi Keluarga Berencana Nasional =245 1#$$a Pokok Pokok Penyelenggaraan Lokakarya Nasional Jaringan Informasi IPTEK Kesehatan /$c Badan Koordinasi Keluarga Berencana Nasional =260 ##$$a Jakarta :$b Badan Koordinasi Keluarga Berencana Nasional,$c 1986 =300 ##$$a 11 : $b Ilus ; $c 21 =650 #4$$a Keluarga Berencana =856 ##$$a Perpustakaan Kemendukbangga